000 00696nam a2200289Ia 4500
005 20260324144830.0
008 008 260324s9999 xx 000 0 eng d
020 _a9780429287718
037 _aEBOOK
040 _aCRL
040 _beng
040 _cCRL
041 _2eng
041 _aeng
084 _qCRL
100 _aRichard Vernon; J. M. Porter
_91220774
245 0 _aUnity, Plurality and Politics
245 0 _bEssays in Honour of F. M. Barnard
260 _bTaylor and Francis
260 _c1986
365 _a
365 _b180
856 _uhttp://www.taylorfrancis.com/books/9780429287718
942 _cEBOOK
999 _c1827880
_d1827880